| 000 | 00506nam a22001817a 4500 | ||
|---|---|---|---|
| 999 |
_c6422 _d6420 |
||
| 005 | 20210904101128.0 | ||
| 008 | 200522b xxu||||| |||| 00| 0 eng d | ||
| 020 | _a9789388983877 | ||
| 041 | _aeng | ||
| 082 | _a343.04 SIN | ||
| 100 |
_aSInghania ,Dr. Vinod K and Singhania ,Dr. Kapil _95734 |
||
| 245 | _aDirect Tax Law And Practice: With Special Reference to Tax Planning | ||
| 250 | _a62'th | ||
| 260 |
_aNew Delhi _bTaxman New Delhi _c2020 |
||
| 300 | _a1676p. | ||
| 650 |
_aLAW _95701 |
||
| 942 | _cBK | ||